La fe de la Iglesia católica : (Record n. 9797)

Dettagli MARC
000 -LEADER
fixed length control field 01097nam a2200313 i 4500
003 - CONTROL NUMBER IDENTIFIER
control field IT-RoINE
005 - DATE AND TIME OF LATEST TRANSACTION
control field 20150720071415.0
008 - FIXED-LENGTH DATA ELEMENTS--GENERAL INFORMATION
fixed length control field 841113s1984 sp r 001 spa d
020 ## - INTERNATIONAL STANDARD BOOK NUMBER
International Standard Book Number 8422011158
040 ## - CATALOGING SOURCE
Original cataloging agency IBH
Language of cataloging spa
Transcribing agency SpMaBN IT-RoINE
Description conventions rdc
Modifying agency IT-RoINE
041 0# - LANGUAGE CODE
Language code of text/sound track or separate title spa
-- lat
100 1# - MAIN ENTRY--PERSONAL NAME
Personal name Collantes, Justo,
Titles and other words associated with a name S.I.,
Dates associated with a name 1915-2000
9 (RLIN) 13866
245 13 - TITLE STATEMENT
Title La fe de la Iglesia católica :
Remainder of title las ideas y los hombres en los documentos doctrinales del magisterio /
Statement of responsibility, etc Justo Collantes.
250 ## - EDITION STATEMENT
Edition statement 2ª ed.
260 ## - PUBLICATION, DISTRIBUTION, ETC. (IMPRINT)
Place of publication, distribution, etc Madrid :
Name of publisher, distributor, etc La Editorial Católica,
Date of publication, distribution, etc 1984.
300 ## - PHYSICAL DESCRIPTION
Extent XXV, 907 p. ;
Dimensions 20 cm.
336 ## - CONTENT TYPE
Source rdacontent
Content type term text
337 ## - MEDIA TYPE
Source rdamedia
Media type term unmediated
338 ## - CARRIER TYPE
Source rdacarrier
Carrier type term volume
490 1# - SERIES STATEMENT
Series statement Historia salutis ;
Volume number/sequential designation 21
490 1# - SERIES STATEMENT
Series statement Biblioteca de Autores Cristianos ;
Volume number/sequential designation 158
500 ## - GENERAL NOTE
General note Incluye índices.
504 ## - BIBLIOGRAPHY, ETC. NOTE
Bibliography, etc Incluye referencias bibliográficas.
546 ## - LANGUAGE NOTE
Language note Texto en latín y español; introducciones en español.
650 #4 - SUBJECT ADDED ENTRY--TOPICAL TERM
9 (RLIN) 1325
Topical term or geographic name as entry element Teología dogmática
830 #0 - SERIES ADDED ENTRY--UNIFORM TITLE
9 (RLIN) 13731
Uniform title Historia salutis
830 #0 - SERIES ADDED ENTRY--UNIFORM TITLE
9 (RLIN) 843
Uniform title Biblioteca de Autores Cristianos
942 ## - ADDED ENTRY ELEMENTS (KOHA)
Item type Monografías
Dati di copia
Withdrawn status Lost status Damaged status Not for loan Home library Current library Date acquired Total Checkouts Full call number Barcode Date last seen Date last borrowed Price effective from Koha item type
        Iglesia Nacional Española en Roma Iglesia Nacional Española en Roma 07/07/2015 1 COL.A 16.446 15522 04/05/2021 02/02/2021 07/07/2015 Monografías